Nissan Models - Statistics

General Stats
  • This quiz has been taken 215 times
  • The average score is 8 of 20
Answer Stats
Picture Answer % Correct
GT-R (R35)
91%
350z
69%
370z
63%
Juke
57%
Altima
47%
Leaf
47%
Qashqai
43%
Skyline GT-R (R34)
38%
300ZX
37%
400z
36%
Pathfinder
36%
Patrol
31%
Micra
29%
X-Trail
28%
Sentra
26%
Ariya
23%
Kicks
20%
Navara
20%
NV200
12%
Sakura
8%
No matching quizzes found
Score Distribution
Percent of People with Each Score
Percentile by Number Answered
Your Score History
You have not taken this quiz